Mixed Word: Common Theme M Quiz Stats

Quiz not verified by Sporcle

Challenge
Share
Tweet
Embed
Score 0/14 Timer 02:00
0 Plays Today
Scrambled Word Answer % Correct
EPIKPIKE
100%
RACPCARP
97.4%
AUTNTUNA
94.8%
EHRPCPERCH
89.7%
Common Theme:Fish
88.4%
SKRAHSHARK
86.5%
MAOSNLSALMON
85.8%
Scrambled Word Answer % Correct
TOTURTROUT
80%
CAKEERLMMACKEREL
72.9%
UABCRARADBARRACUDA
62.6%
ALAIITPTILAPIA
60.6%
PURGEROGROUPER
53.5%
GRHREINHERRING
52.9%
LEWYELAWALLEYE
46.5%

You're not logged in!

Compare scores with friends on all Sporcle quizzes.
Sign Up with Email
OR
Log In

You Might Also Like...

Show Comments

Extras

Curator's Pick Apr 24, 2012ReportNominate
Tags:Mixed Word Quiz

Top Quizzes Today


Score Distribution

Your Account Isn't Verified!

In order to create a playlist on Sporcle, you need to verify the email address you used during registration. Go to your Sporcle Settings to finish the process.